<?xml version="1.0" encoding="UTF-8"?><?xml-stylesheet type="text/xsl" href="static/style.xsl"?><OAI-PMH xmlns="http://www.openarchives.org/OAI/2.0/" xmlns:xsi="http://www.w3.org/2001/XMLSchema-instance" xsi:schemaLocation="http://www.openarchives.org/OAI/2.0/ http://www.openarchives.org/OAI/2.0/OAI-PMH.xsd"><responseDate>2026-04-18T05:54:45Z</responseDate><request verb="GetRecord" identifier="oai:www.recercat.cat:10230/71316" metadataPrefix="marc">https://recercat.cat/oai/request</request><GetRecord><record><header><identifier>oai:recercat.cat:10230/71316</identifier><datestamp>2025-10-01T02:25:19Z</datestamp><setSpec>com_2072_6</setSpec><setSpec>col_2072_452952</setSpec></header><metadata><record xmlns="http://www.loc.gov/MARC21/slim" xmlns:dcterms="http://purl.org/dc/terms/" xmlns:xsi="http://www.w3.org/2001/XMLSchema-instance" xmlns:doc="http://www.lyncode.com/xoai" xsi:schemaLocation="http://www.loc.gov/MARC21/slim http://www.loc.gov/standards/marcxml/schema/MARC21slim.xsd">
   <leader>00925njm 22002777a 4500</leader>
   <datafield ind2=" " ind1=" " tag="042">
      <subfield code="a">dc</subfield>
   </datafield>
   <datafield ind2=" " ind1=" " tag="720">
      <subfield code="a">Castells-Fos, Llúcia</subfield>
      <subfield code="e">author</subfield>
   </datafield>
   <datafield ind2=" " ind1=" " tag="720">
      <subfield code="a">Codina, Lluís</subfield>
      <subfield code="e">author</subfield>
   </datafield>
   <datafield ind2=" " ind1=" " tag="720">
      <subfield code="a">Pont Sorribes, Carles</subfield>
      <subfield code="e">author</subfield>
   </datafield>
   <datafield ind2=" " ind1=" " tag="260">
      <subfield code="c">2025-09-30T06:31:15Z</subfield>
   </datafield>
   <datafield ind2=" " ind1=" " tag="260">
      <subfield code="c">2025-09-30T06:31:15Z</subfield>
   </datafield>
   <datafield ind2=" " ind1=" " tag="260">
      <subfield code="c">2025</subfield>
   </datafield>
   <datafield ind2=" " ind1=" " tag="520">
      <subfield code="a">LA MAREA ofrece una metodología práctica para que los medios de comunicación evalúen y  refuercen su capacidad de relevancia y engagement, elementos cruciales para su viabilidad conómica a largo plazo. Este marco metodológico operacionaliza la sostenibilidad mediática a través de tres dimensiones fundamentales: reputación, visibilidad y fidelización de audiencias. MAREA se basa en un conjunto de recomendaciones de expertos — 337 acciones y 226 métricas — sintetizadas en siete parámetros de acción: Escala, Orientación al Usuario, Desarrollo Organizacional, Abandono, Valor Diferencial, Transparencia y Reconocimiento. Estos parámetros, junto con métricas claras, permiten a los medios de comunicación —especialmente a los de tamaño reducido y recursos escasos— identificar áreas de mejora y elaborar planes de acción concretos. El capítulo detalla cada parámetro, ilustra su aplicación con un caso hipotético y subraya la importancia de reinterpretar las métricas más allá de la mera visibilidad, integrando la reputación y la fidelización de la audiencia, lo que facilita una gestión proactiva y una mayor resiliencia en un entorno mediático cambiante.</subfield>
   </datafield>
   <datafield ind2=" " ind1=" " tag="520">
      <subfield code="a">Este trabajo forma parte del proyecto “Parámetros y estrategias para incrementar la relevancia de los medios y la comunicación digital en la sociedad: curación, visualización y visibilidad (CUVICOM)”. Ayuda PID2021-123579OB-I00 financiada por MICIU/AEI/10.13039/501100011033 y por FEDER, UE.</subfield>
   </datafield>
   <datafield ind1="8" ind2=" " tag="024">
      <subfield code="a">http://hdl.handle.net/10230/71316</subfield>
   </datafield>
   <datafield tag="653" ind2=" " ind1=" ">
      <subfield code="a">Sostenibilidad de los medios de comunicación</subfield>
   </datafield>
   <datafield tag="653" ind2=" " ind1=" ">
      <subfield code="a">Relevancia</subfield>
   </datafield>
   <datafield tag="653" ind2=" " ind1=" ">
      <subfield code="a">Engagement</subfield>
   </datafield>
   <datafield tag="653" ind2=" " ind1=" ">
      <subfield code="a">Audiencia</subfield>
   </datafield>
   <datafield tag="653" ind2=" " ind1=" ">
      <subfield code="a">MAREA</subfield>
   </datafield>
   <datafield tag="653" ind2=" " ind1=" ">
      <subfield code="a">Marco metodológico</subfield>
   </datafield>
   <datafield ind2="0" ind1="0" tag="245">
      <subfield code="a">¿Cómo movilizar las audiencias en medios de comunicación? Modelos de Activación de la Relevancia y el Engagement de Audiencias en Medios de Comunicación (MAREA)</subfield>
   </datafield>
</record></metadata></record></GetRecord></OAI-PMH>